1472 1879 1912 1648 1871 1338 1947 1233 1951 1933 1016 1462 1378 1434 1016 1234 1751 1257 1328 1500 1077 1717 1483 1935 1939 1620 1410 1605 1758 1557 1134 1262 1905 1548 1425 1432 1887 1527 1099 1803 1328 1993 1504 1525 1636 1035 1875 1655 1817 1012 1250 1746 1593 1505 1733 1730 1730 1799 1320 1496 1406 1726 1829 1060 1584 1889 1517 1971 1907 1803 1783 1701 1255 1747 1824 1532 1774 1511 1639 1249 1644 1056 1773 1271 1502 1318 1607 1797 1519 1437 1785 1572 1227 1162 1654 1089 1549 1458 1171 BCNSPRNW ULIB Ver.6.0+V

เปลี่ยนเป็นภาษาไทย

Change to English
 แสดงรายละเอียดบรรณานุกรม
  กลับหน้าหลัก

Brief Record : Get Marc (ISO 2709) : E-mail record : QR code < ปิดหน้าต่าง
LEADER : 00000nam 2200000uu 4500
001    13399127475
003     ULIB
008    200604s2017||||th 000 0 tha d
020 ^  ^a9781506258799 (6th/2017)
020 ^   ^a9781506258829 (set)
050 ^   ^aPE1128^bL633b
100 1   ^aLougheed, Lin.
245 1   ^aBarron s the leader in test preparation :^bTOEIC superpack /^cLin Lougheed.
246 3   ^aTOEIC : test of English for international communication
246 3   ^aTOEIC : practice exams
246 3   ^aEssential words for the TOEIC
246 3   ^aTOEIC superpack
250 ^   ^aThird edition.
260 ^   ^aNew York, NY :^bBarron s Educational Series,^c2017.
300 ^   ^a3 volume :^billustrations +^e1 compact disc
500 ^   ^aIncludes three books in one box.
505 0   ^aVolume 1. TOEIC : test of English for international communication -- Volume 2. TOEIC : practice exams -- Volume 3. Essential words for the TOEIC + 1 compact disc.
650 ^   ^aTest of English as a Foreign Language^xStudy guides.
650 ^   ^aEnglish language^xExaminations^xStudy guides.
650 ^   ^aEnglish language^xTextbooks for foreign speakers.
945    ^p0^l0^i28381
999    ^aกัณชพร จุลอักษร
รายการนี้ยังไม่มีแท็ก
คุณยังไม่ได้ล็อกอิน คุณสามารถมีกิจกรรมร่วมกับเว็บไซต์ได้ แต่ต้องล็อกอินก่อน ::
  ล็อกอิน

รายการสื่อสารสนเทศ

ลำดับที่ ประเภท เลขเรียก/บาร์โค้ด สถานที่ สถานะ
1. หนังสือสำรอง
หนังสือสำรอง
PE1128 L633b ฉ.1 
  Barcode: 28381
ห้องสมุดวิทยาเขตนครสวรรค์
►หนังสือทั่วไป:l:General Books
บนชั้น

รายการใกล้เคียง
    ผู้แต่ง [Lougheed, Lin.]

BibComment


ยังไม่เคยถูกคอมเมนท์

คอมเมนท์ทรัพยากรรายการนี้
  คอมเมนท์: Barron s the le..


 Copyright 2026. Bcnsprnw @Library